|
|
|
|
| LEADER |
00998nam a2200253 i 4500 |
| 001 |
c000045310 |
| 003 |
CARM |
| 005 |
00000000000000.0 |
| 008 |
780620s1978 at 00010 eng d |
| 019 |
1 |
|
|a 1654855
|z 42555949
|5 LACONCORD2021
|
| 020 |
|
|
|a 0959602607 :
|c $3.95 Aust.
|
| 035 |
|
|
|a (OCoLC)7436911
|5 LACONCORD2021
|
| 042 |
|
|
|a anuc
|
| 100 |
1 |
|
|a Hill, Peter.
|
| 245 |
1 |
0 |
|a Tilabrook tales /
|c by Peter Hill.
|
| 260 |
|
|
|a Camberwell, Vic. :
|b P. Hill,
|c 1978.
|
| 300 |
|
|
|a 114p. ;
|c 22cm.
|
| 500 |
|
|
|a Short stories in English. Australian writers, 1945-. Texts (ANB/PRECIS SIN 0013390)
|
| 500 |
|
|
|a Available from Mr. Peter Hill, Edwards Road, Kennington, Bendigo, Vic. 3550.
|
| 650 |
|
0 |
|a Short stories, Australian
|y 20th century.
|
| 852 |
8 |
|
|b CARM
|h A2:AD25A0
|i B03171
|p 0139942
|f BK
|
| 082 |
0 |
4 |
|a 823/.3
|
| 999 |
f |
f |
|i 88d5114e-45fb-58b0-bd14-5e5e72f471d6
|s ec099097-94dc-51c1-b17d-809d54aed0f5
|
| 952 |
f |
f |
|p Can circulate
|a CAVAL
|b CAVAL
|c CAVAL
|d CARM 1 Store
|e B03171
|f A2:AD25A0
|h Other scheme
|i book
|m 0139942
|